000 00512nam a2200169 4500
001 120237
003 ES-MaACL
005 20230906191508.0
007 t|
008 070214s1968 sp r ||||1| spa d
100 1 _aPericone, L.
_991260
245 1 0 _aPráctica de transistores /
_cpor L. Pericone ; traducción de Vicente Gil Miró.
260 _aBarcelona :
_bHispano Europea,
_c1968.
300 _a389 p. :
_bil. ;
_c21 cm.
700 1 _aGil Miró, Vicente.
_956845
852 _aES-MaACL
_jC-35597
_bR.68849
999 _c120237
_d120237